| 000 | 01454cam a2200337 4500500 | ||
|---|---|---|---|
| 005 | 20251228050053.0 | ||
| 041 | _afre | ||
| 042 | _adc | ||
| 100 | 1 | 0 |
_aFischbach, Franck _eauthor |
| 245 | 0 | 0 | _aActivité et négativité chez Marx et Spinoza |
| 260 | _c2005. | ||
| 500 | _a54 | ||
| 520 | _aCet article tente de fonder la thèse selon laquelle l’ontologie de Marx serait plutôt une ontologie spinoziste qu’une ontologie hégélienne. Mais cela exige de relire de près quelques-uns des textes dans lesquels Marx use de l’une des catégories majeures de la dialectique hégélienne: la catégorie de contradiction. | ||
| 520 | _aThis paper aims to found the thesis that Marx’s ontology is more a Spinozist ontology than a Hegelian one. That leads us to re-read some of the texts in which Marx uses one of the main category of Hegelian dialectic: the category of contradiction. | ||
| 690 | _aAffirmation | ||
| 690 | _aContradiction | ||
| 690 | _aHegel | ||
| 690 | _aMarx | ||
| 690 | _aNégativité | ||
| 690 | _aProduction | ||
| 690 | _aSpinoza | ||
| 690 | _aAffirmation | ||
| 690 | _aContradiction | ||
| 690 | _aHegel | ||
| 690 | _aMarx | ||
| 690 | _aNegativity | ||
| 690 | _aProduction | ||
| 690 | _aSpinoza | ||
| 786 | 0 | _nArchives de philosophie | 68 | 4 | 2005-12-01 | p. 593-610 | 0003-9632 | |
| 856 | 4 | 1 | _uhttps://shs.cairn.info/revue-archives-de-philosophie-2005-4-page-593?lang=fr&redirect-ssocas=7080 |
| 999 |
_c1579749 _d1579749 |
||